Tragedies
Guardat en:
| Autor principal: | |
|---|---|
| Format: | Llibre |
| Idioma: | anglès |
| Publicat: |
Londres
Charles Knight and Co
1846
|
| Edició: | 1a. ed |
| Col·lecció: | <The >pictorial edition of the works of Shakespeare
|
| Matèries: | |
| Etiquetes: |
Afegir etiqueta
Sense etiquetes, Sigues el primer a etiquetar aquest registre!
|
MARC
| LEADER | 00000nam a2200000 a 4500 | ||
|---|---|---|---|
| 001 | UCJ6996 | ||
| 003 | CL-VaPUC | ||
| 005 | 20230629084425.0 | ||
| 008 | 070124e18460000UK |||||||||||||||||eng|d | ||
| 999 | |c 323098 |d 323096 | ||
| 040 | |c Pontificia Universidad Católica de Valparaíso | ||
| 082 | 0 | 4 | |a 822 |b SHA |2 21 |
| 100 | |a Shakespeare, William |e author |9 265757 | ||
| 245 | 1 | 0 | |a Tragedies |
| 246 | 1 | 0 | |a Romeo and Juliet |
| 246 | 1 | 0 | |a Hamlet |
| 246 | 1 | 0 | |a Cymbeline |
| 246 | 1 | 0 | |a Othello |
| 246 | 1 | 0 | |a Timon of Athens |
| 246 | 1 | 0 | |a King Lear |
| 246 | 1 | 0 | |a Macbeth |
| 246 | 1 | 0 | |a Troilus and Cressida |
| 246 | 1 | 0 | |a Coriolanus |
| 246 | 1 | 0 | |a Julius Cesar |
| 246 | 1 | 0 | |a Antony and Cleopatra |
| 246 | 1 | 0 | |a Venus and Adonis |
| 246 | 1 | 4 | |a The rape of Lucrece |
| 246 | 1 | 0 | |a Sonnets |
| 246 | 1 | 2 | |a A lover's complaint |
| 246 | 1 | 4 | |a The passionate pilgrim, &c. |
| 250 | |a 1a. ed | ||
| 260 | |a Londres |b Charles Knight and Co |c 1846 | ||
| 300 | |a 2 v | ||
| 490 | 0 | |a <The >pictorial edition of the works of Shakespeare | |
| 500 | |a Ilustraciones conforme a lo señalado en índices | ||
| 583 | |a last modification |c 20070124 00:00:00 |k Rodrigo Vera | ||
| 650 | 0 | |a Teatro inglés |9 265744 | |
| 650 | 0 | |a Poesías inglesas |9 265094 | |
| 650 | 0 | |a Crítica literaria |9 269189 | |
| 650 | 0 | |a Iconografía |9 267998 | |
| 650 | 0 | |a Ilustraciones |9 369481 | |
| 942 | |c BK |2 ddc | ||
| 945 | |d 20070124 00:00:00 |a rinostro | ||
| 952 | |0 0 |1 0 |4 0 |6 822_000000000000000_SHA_1846 |7 0 |8 X |9 402361 |a FDOBUD |b FDOBUD |d 2019-11-22 |h v.1 |i 1056093 |o 822 SHA 1846 |p 1056093 |r 2019-11-22 |w 2019-11-22 |y BK_X |k BUD | ||
| 952 | |0 0 |1 0 |4 0 |6 822_000000000000000_SHA_1846 |7 0 |8 X |9 402362 |a FDOBUD |b FDOBUD |d 2019-11-22 |h v.2 |i 105614K |o 822 SHA 1846 |p 105614K |r 2019-11-22 |w 2019-11-22 |y BK_X |k BUD | ||